| 000 | 00524nam a22001937a 4500 | ||
|---|---|---|---|
| 003 | koha_MIRAKIL | ||
| 005 | 20231213100337.0 | ||
| 008 | 231213b |||||||| |||| 00| 0 ||| d | ||
| 020 | _b978-6-05-237418-4 | ||
| 040 |
_aTR-IsEVY _btur _cTR-IsEVY |
||
| 082 | _aFIC SIE/K | ||
| 100 | _aSiegner, Ingo. | ||
| 245 | 0 | _aKüçük ejderha Kokosnuss uzayda | |
| 260 |
_bAbm Yayınevi, _c2017 |
||
| 300 | _a69 s. | ||
| 650 | _aChildren's literature -- Fiction. | ||
| 650 | _aÇocuk edebiyatı -- Hikayeler. | ||
| 942 |
_2ddc _cBK |
||
| 999 |
_c18455 _d18455 |
||